000 00337 a2200145 4500
001 152703
040 _cEscola São Tomás de Aquino
100 _aPONTES, Hidelbrando
240 1 0 _a7 Conchas sete cores
_lpor
245 1 0 _a7 Conchas sete cores
362 0 _a2014
440 1 _aScriptum
697 _a*LITERATURA JUVENIL
942 _cBK
999 _c152703
_d152703